Central Library OPAC University of Rajshahi

মসনদ-ই-আলা ঈশা খান / (Record no. 76744)

MARC details
000 -LEADER
fixed length control field 00788nam a22002297a 4500
001 - CONTROL NUMBER
control field 76744
003 - CONTROL NUMBER IDENTIFIER
rucl marc code BD-RjUL
005 - DATE AND TIME OF LATEST TRANSACTION
control field 20211209082859.0
008 - FIXED-LENGTH DATA ELEMENTS--GENERAL INFORMATION
fixed length control field 200116s2018 bg ||||| |||| 00| 0 ben d
020 ## - INTERNATIONAL STANDARD BOOK NUMBER
International Standard Book Number 9789848830826
035 ## - SYSTEM CONTROL NUMBER
System control number (BD-RjUL)76968
040 ## - CATALOGING SOURCE
Original cataloging agency BD-RjUL
Language of cataloging eng
Transcribing agency BD-RjUL
041 ## - LANGUAGE CODE
Language code of text/sound track or separate title eng
082 ## - DEWEY DECIMAL CLASSIFICATION NUMBER
Edition number 23
Classification number 954.025
Author mark and year SIM 2018
100 ## - MAIN ENTRY--PERSONAL NAME
Personal name সিদ্দিকী, মাহবুব
9 (RLIN) 237694
245 ## - TITLE STATEMENT
Title মসনদ-ই-আলা ঈশা খান /
Statement of responsibility, etc. মাহবুব সিদ্দিকী
260 ## - PUBLICATION, DISTRIBUTION, ETC. (IMPRINT)
Place of publication, distribution, etc. ঢাকা :
Name of publisher, distributor, etc. দিব্য প্রকাশ,
Date of publication, distribution, etc. ২০১৮
300 ## - PHYSICAL DESCRIPTION
Pagination ১৪৪ পৃ. ;
Size ২২ সেমি.
600 ## - SUBJECT ADDED ENTRY--PERSONAL NAME
Personal name Khan, Isa
Titles and other words associated with a name [Baro Bhuiyans and a Zamindar]
651 ## - SUBJECT ADDED ENTRY--GEOGRAPHIC NAME
Geographic name India
General subdivision Mogul Empire
9 (RLIN) 237698
942 ## - ADDED ENTRY ELEMENTS (KOHA)
Source of classification or shelving scheme Dewey Decimal Classification
Koha item type Books
Holdings
Lost status Source of classification or shelving scheme Damaged status Not for loan Permanent Location Current Location Shelving location Date acquired Source of acquisition Cost, normal purchase price Total Checkouts Full call number Date last seen Copy number Koha item type Date checked out
  Dewey Decimal Classification   Not For Loan Central Library, University of Rajshahi Central Library, University of Rajshahi Reading Room 12/08/2019 Author 250.00   B 954.025 SIM 2018 16/01/2020 C-1 Books  
  Dewey Decimal Classification     Central Library, University of Rajshahi Central Library, University of Rajshahi   12/08/2019 Author 250.00 1 B 954.025 SIM 2018 23/02/2022 C-2 Books 16/02/2022